000 00487nam a2200181Ia 4500
008 210719s2020 xx 000 0 und d
020 _a978-0-593-29640-0
041 _aeng
082 _a823.914 FOLE
100 _aFOLLETT (Ken)
245 _aEvening and the morning
260 _aNew York
_bPenguin Books India (P) Ltd
_c2020
300 _a913
_bPB
365 _b499
_cRs
650 _aEnglish Fiction
650 _aEnglish Fiction
906 _aearth ; Evening ; morning ; pillars
999 _c211748
_d211748